Culture Générale - Série 915 - Statistiques

Statistiques générales
  • Ce quiz a été pris 123 fois
  • Le résultat moyen est 7 sur 10
Statistiques - réponses
Question Réponse % Correct
L'Eurostar circule dans trois pays : la Belgique, la Grande-Bretagne et la .. France
98%
Dans le dessin animé, quel est le nom du petit canari pourchassé par Grosminet ? Titi
97%
Quel État occupe l'extrême sud du continent africain ? Afrique du Sud
93%
Quelle anagrammme de "taf", nom familier du travail, désigne un homme prétentieux jusqu'au ridicule ? fat
93%
L'un des plus célèbres poèmes de la littérature, signé Rudyard Kipling, a pour titre "Tu seras un homme... mon fils
84%
Qui est l'auteur du roman intitulé : "Madame Bovary" ? Gustave Flaubert
81%
A quel écrivain doit-on le roman “Une vie”, en 1883 ? Guy de Maupassant
52%
Quel auteur américain a publié, en 1952, le roman : "A l'Est d'Eden", adapté au cinéma par Elia Kazan en 1955 ? John Steinbeck
30%
Quelle étoffe de soie et de coton, de couleurs vives, tient son nom d'un ancien comptoir anglais en Inde ? madras
21%
Quel est le prénom du lieutenant Kojak, dans la série télévisée du même nom ? Theo
4%
Aucun quiz correspondant
Distribution des résultats
% des personnes avec chaque résultat
Percentile par nombre de réponses
Votre historique - résultats
Vous n’avez pas pris ce quiz